书目信息 |
| 题名: |
墨子评传
|
|
| 作者: | 邢兆良 著 | |
| 分册: | ||
| 出版信息: | 南京 南京大学出版社 2011.4 |
|
| 页数: | 422页 | |
| 开本: | 23cm | |
| 丛书名: | 中国思想家评传丛书 | |
| 单 册: | ||
| 中图分类: | B224.5 | |
| 科图分类: | ||
| 主题词: | 墨翟--(前480-前420)--评传 , 墨翟--(前480-前420) | |
| 电子资源: | ||
| ISBN: | 978-7-305-05903-2 | |
| 000 | 00928oam2 2200265 45 | |
| 001 | 513 | |
| 005 | 20120531152433.65 | |
| 010 | @a978-7-305-05903-2@dCNY54.00 | |
| 100 | @a20120328d2011 em y0chiy0120 ea | |
| 101 | 0 | @achi@deng@eeng |
| 102 | @aCN@b320000 | |
| 105 | @ay z 001yd | |
| 106 | @ar | |
| 200 | 1 | @a墨子评传@AMo Zi Ping Chuan@f邢兆良著@FXing Zhao Liang Zhu |
| 210 | @a南京@c南京大学出版社@d2011.4 | |
| 215 | @a422页@d23cm | |
| 225 | 2 | @a中国思想家评传丛书@e典藏版 |
| 330 | @a本书系统地考察、分析、论述了墨子的生平活动、学术思想和历史影响,并且从时代的经济政治结构、科学技术水平、思想文化环境诸方面,探讨、论证了墨子思想体系产生、发展及其衰亡的主要原因。 | |
| 461 | 0 | @12001 @a中国思想家评传丛书 |
| 606 | 0 | @a墨翟@f(前480-前420)@x评传 |
| 606 | 0 | @a墨翟@f(前480-前420) |
| 690 | @aB224.5@v5 | |
| 701 | 0 | @a邢兆良@AXing Zhao Liang@4著 |
| 801 | 0 | @aCN@bTSTCL@c20120328 |
| 905 | @b0810410-14@dB224.5@e405@f5 | |
| 墨子评传/邢兆良著.-南京:南京大学出版社,2011.4 |
| 422页;23cm.-(中国思想家评传丛书:典藏版) |
| ISBN 978-7-305-05903-2:CNY54.00 |
| 本书系统地考察、分析、论述了墨子的生平活动、学术思想和历史影响,并且从时代的经济政治结构、科学技术水平、思想文化环境诸方面,探讨、论证了墨子思想体系产生、发展及其衰亡的主要原因。 |
| ● |
| 相关链接 |
|
|
|
|
正题名:墨子评传
索取号:B224.5/405
 
预约/预借
| 序号 | 登录号 | 条形码 | 馆藏地/架位号 | 状态 | 备注 |
| 1 | 0810410 | 208104102 | 第一样本阅览室/ [索取号:B224.5/405] | 在馆 | |
| 2 | 0810411 | 208104111 | 第一借阅区/ [索取号:B224.5/405] | 在馆 | |
| 3 | 0810412 | 208104120 | 第一借阅区/ [索取号:B224.5/405] | 在馆 | |
| 4 | 0810413 | 208104139 | 第一借阅区/ [索取号:B224.5/405] | 在馆 | |
| 5 | 0810414 | 208104148 | 第一借阅区/ [索取号:B224.5/405] | 在馆 |